000 00566nam a2200193Ia 4500
005 20241216011309.0
008 190429s9999||||xx |||||||||||||| ||und||
082 _a622.5
_bH83
100 _aHUAMAN ASCANOA MIGUEL ANGEL
245 0 _aDISEÑO DE PLANTA ARTESANAL DE TRATAMIENTO DE AGUAS ACIDAS PUCARA GOYLLARISQUIZGA
250 _a0
260 _aCERRO DE PASCO-PERU
_bUNDAC
_c2010
300 _a0 pag.
_c0 cm.
341 _h0
490 _v0
_a0
541 _aD
_bHUAMAN ASCANOA MIGUEL ANG
_d01-Apr-10
_oSoles
650 _aIngenieria Metalurgica
942 _cTESIS
999 _c38019
_d38019